đŸŽ¶ Paroles "Un monstre Ă  Paris" par M (Matthieu ChĂ©did) - Statistiques

Statistiques générales
  • Ce quiz a Ă©tĂ© pris 165 fois
  • Le rĂ©sultat moyen est 47 sur 117
Statistiques - réponses
Mots % Correct
s'
100%
Ă 
64%
J'
64%
se
64%
Je
61%
je
61%
mon
59%
Paris.
56%
Paris
56%
monstre
54%
Un
54%
un
54%
le
53%
ne
53%
suis
46%
ce
44%
et
44%
ai
41%
ma
41%
il
39%
en
38%
lu
36%
dans
35%
Sous
35%
Qu'
34%
qu'
34%
Car
33%
cache
32%
Cette
31%
les
30%
manteau
30%
noir,
30%
chapeau.
29%
coeur
29%
journal,
29%
part,
29%
peur
29%
bien
28%
mes
28%
écharpe
27%
rouge
27%
carapace,
26%
écrit
25%
ils
25%
lumiĂšre
25%
Sur
25%
trop
25%
ces
24%
capitales,
23%
lettres
23%
casse.
21%
qui
20%
lasse,
19%
dissimule,
17%
peine
17%
minuit.
16%
apparu
15%
vers
15%
vie.
15%
apparemment
14%
espoirs,
14%
envolent.
13%
mélodies
12%
quelques
10%
notes
9%
sauvent
6%
Aucun quiz correspondant
Distribution des résultats
% des personnes avec chaque résultat
Percentile par nombre de réponses
Votre historique - résultats
Vous n’avez pas pris ce quiz